[Event "DVM U14w 2011"]
[Site "Arendsee (Altmark) GER"]
[Date "2011.12.30"]
[Round "7"]
[White "Nobis, Anna"]
[Black "Ley, Sabrina"]
[Result "1-0"]
[Termination "normal"]
[Board "1.1"]
[WhiteElo "1560"]
[BlackElo "1324"]
[WhiteTeam "Chemnitzer SC Aufbau '95"]
[BlackTeam "Turm Lahnstein"]
[WhiteFideId "1270302"]
[BlackFideId "12938130"]
[EventCountry "GER"]
[EventRounds "7"]
[EventType "team-swiss"]
[EventDate "2011.12.26"]

1. e4 e6 2. d4 d5 3. Nc3 Bb4 4. e5 c5 5. Bd2 Ne7 6. Nb5 Bxd2+ 7. Qxd2 O-O 8. f4
a6 9. Nd6 Qb6 10. O-O-O Bd7 11. Nf3 Bb5 12. dxc5 Qxc5 13. Nxb7 Qb6 14. Nd6 Nbc6
15. g4 Rfb8 16. Qc3 Ng6 17. Nd4 Bxf1 18. Rhxf1 Nb4 19. Kb1 Ra7 20. a3 Nc6 21.
Nxc6 Rc7 22. Qb4 Rxc6 23. Qxb6 Rcxb6 24. b3 a5 25. Rde1 a4 26. b4 Rc6 27. Kb2
Rd8 28. Nb7 Rf8 29. Nc5 f6 30. exf6 Rxf6 31. f5 exf5 32. Rxf5 Rxf5 33. gxf5 Rf6
34. fxg6 Rxg6 35. Nxa4 Rg2 36. b5 d4 37. Rd1 Re2 38. Rxd4 Re8 39. b6 Rb8 40.
Rd7 h6 41. b7 Kh7 42. Rc7 h5 43. Nc5 1-0

[Event "DVM U14w 2011"]
[Site "Arendsee (Altmark) GER"]
[Date "2011.12.30"]
[Round "7"]
[White "Usczeck, Alina"]
[Black "Kempe, Anne"]
[Result "0-1"]
[Termination "normal"]
[Board "1.2"]
[WhiteElo "1272"]
[BlackElo "1648"]
[WhiteTeam "Turm Lahnstein"]
[BlackTeam "Chemnitzer SC Aufbau '95"]
[WhiteFideId "12938114"]
[BlackFideId "12918083"]
[EventCountry "GER"]
[EventRounds "7"]
[EventType "team-swiss"]
[EventDate "2011.12.26"]

1. e4 c5 2. d4 cxd4 3. c3 dxc3 4. Nxc3 Nc6 5. Nf3 d6 6. Bc4 e6 7. Qe2 Be7 8.
O-O a6 9. Bf4 e5 10. Bg3 Nf6 11. Rfd1 Qc7 12. Rac1 Qb8 13. a3 O-O 14. Nd5 Nxd5
15. Bxd5 Bd7 16. Qc4 Qa7 17. b4 Rac8 18. Qb3 Bg4 19. Rd3 Bxf3 20. Bxc6 Bg4 21.
Rdc3 bxc6 22. Rxc6 Rxc6 23. Rxc6 Be6 24. Qc3 Qa8 25. h3 Rc8 26. Rxc8+ Qxc8 27.
Qe3 f5 28. exf5 Bxf5 29. Kh1 Be6 30. f4 exf4 31. Bxf4 d5 32. Be5 Bd8 33. Qg3
Qc1+ 34. Kh2 Qg5 35. Qe1 Bf7 36. Kg1 Bb6+ 37. Kh1 Qe3 38. Qxe3 Bxe3 39. Bc3 d4
40. Be1 d3 41. Kh2 Bd5 42. Kg3 d2 43. Bxd2 Bxd2 44. Kf2 Bc6 45. g3 Bc1 46. a4
Bxa4 47. Ke2 Ba3 48. Kd3 Bxb4 49. Kc4 a5 50. g4 Bd7 51. Kb3 Be7 52. Kb2 a4 53.
Ka1 a3 54. g5 Be6 55. h4 a2 56. Kb2 Bd6 57. h5 Be5+ 58. Kc1 a1=Q+ 59. Kd2 Qc3+
60. Ke2 Bg4+ 61. Kf1 Qf3+ 62. Kg1 Bh3 63. g6 Qg2# 0-1

[Event "DVM U14w 2011"]
[Site "Arendsee (Altmark) GER"]
[Date "2011.12.30"]
[Round "7"]
[White "Hartewig, Anja"]
[Black "Rau, Jennifer"]
[Result "1-0"]
[Termination "normal"]
[Board "1.3"]
[WhiteElo "1607"]
[BlackElo "1215"]
[WhiteTeam "Chemnitzer SC Aufbau '95"]
[BlackTeam "Turm Lahnstein"]
[WhiteFideId "12917966"]
[BlackFideId "12983276"]
[EventCountry "GER"]
[EventRounds "7"]
[EventType "team-swiss"]
[EventDate "2011.12.26"]

1. d4 d6 2. c4 Nf6 3. Nc3 g6 4. e4 Bg7 5. Bg5 O-O 6. h3 Nbd7 7. Bd3 e5 8. d5
Qe8 9. Nge2 a5 10. O-O Nc5 11. Bc2 Bd7 12. Ng3 h6 13. Be3 Na6 14. f4 Nh7 15. f5
g5 16. Nh5 f6 17. a3 b6 18. Qg4 Nc5 19. Rf3 Rf7 20. h4 Re7 21. Kf2 a4 22. Rh1
b5 23. hxg5 hxg5 24. cxb5 Bxb5 25. Bxc5 dxc5 26. Rfh3 Rb8 27. d6 Rd7 28. Nd5
Rxd6 29. Nxg7 Rxd5 30. Nxe8 Rd2+ 31. Kg3 Be2 32. Rxh7 Rxe8 33. Rh8+ Kf7 34.
R1h7# 1-0

[Event "DVM U14w 2011"]
[Site "Arendsee (Altmark) GER"]
[Date "2011.12.30"]
[Round "7"]
[White "Schneider, Anna"]
[Black "Nitzsche, Pia"]
[Result "0-1"]
[Termination "normal"]
[Board "1.4"]
[WhiteElo "964"]
[BlackElo "1543"]
[WhiteTeam "Turm Lahnstein"]
[BlackTeam "Chemnitzer SC Aufbau '95"]
[BlackFideId "12900370"]
[EventCountry "GER"]
[EventRounds "7"]
[EventType "team-swiss"]
[EventDate "2011.12.26"]

1. e4 c5 2. d4 cxd4 3. c3 Nc6 4. cxd4 d6 5. Nf3 Nf6 6. Nc3 g6 7. d5 Na5 8. b4
Bg7 9. bxa5 Nxe4 10. Nxe4 Bxa1 11. Bd2 Bg7 12. Bc4 O-O 13. h3 Bd7 14. O-O Rc8
15. Bb3 b6 16. axb6 Qxb6 17. Be3 Qb7 18. Re1 a5 19. Bg5 Rfe8 20. Bxe7 Rxe7 21.
Nxd6 Rxe1+ 22. Qxe1 Qb4 23. Nxc8 Qxe1+ 24. Nxe1 Bxc8 25. Nc2 Bd7 26. f3 Bf8 27.
Kf2 f5 28. g4 f4 29. Ke2 Bb5+ 30. Kd1 a4 31. d6+ axb3 32. axb3 Bxd6 33. Nd4 Ba6
34. Kd2 Kf7 35. Kc3 Be5 36. b4 Kf6 37. h4 Bb7 38. Kc4 Bxd4 39. Kxd4 Bxf3 40.
g5+ Kf5 41. Kc5 Bg2 42. Kd4 Kg4 43. Ke5 f3 44. b5 f2 45. Kf6 f1=Q+ 46. Kg7 Bd5
47. b6 Qf7+ 48. Kh6 Qf8+ 49. Kxh7 Qg8+ 50. Kh6 Be4 51. h5 Qh8# 0-1

[Event "DVM U14w 2011"]
[Site "Arendsee (Altmark) GER"]
[Date "2011.12.30"]
[Round "7"]
[White "Heinemann, Josefine"]
[Black "Manusina, Nicole"]
[Result "1/2-1/2"]
[Termination "normal"]
[Board "2.1"]
[WhiteElo "1800"]
[BlackElo "1752"]
[WhiteTeam "USC Magdeburg"]
[BlackTeam "SG Oesede-Georgsmarienhütte"]
[WhiteFideId "12900460"]
[BlackFideId "24657514"]
[EventCountry "GER"]
[EventRounds "7"]
[EventType "team-swiss"]
[EventDate "2011.12.26"]

1. e4 c6 2. d4 d5 3. exd5 cxd5 4. c4 Nf6 5. Nc3 Nc6 6. Nf3 Bg4 7. cxd5 Nxd5 8.
Qb3 Bxf3 9. gxf3 e6 10. Qxb7 Nxd4 11. Bb5+ Nxb5 12. Qc6+ Ke7 13. Qxb5 Nxc3 14.
Qc5+ Ke8 15. Qc6+ Ke7 16. Qc5+ Qd6 17. Qxc3 f6 18. Be3 Kf7 19. Rd1 Qe7 20. O-O
Qb7 21. Kg2 Be7 22. b3 a6 23. Rd3 Rhd8 24. Rfd1 Rxd3 25. Rxd3 Rc8 1/2-1/2

[Event "DVM U14w 2011"]
[Site "Arendsee (Altmark) GER"]
[Date "2011.12.30"]
[Round "7"]
[White "Böhm, Jana"]
[Black "Peschos, Celine"]
[Result "1/2-1/2"]
[Termination "normal"]
[Board "2.2"]
[WhiteElo "1723"]
[BlackElo "1442"]
[WhiteTeam "SG Oesede-Georgsmarienhütte"]
[BlackTeam "USC Magdeburg"]
[WhiteFideId "24661589"]
[EventCountry "GER"]
[EventRounds "7"]
[EventType "team-swiss"]
[EventDate "2011.12.26"]

1. e4 c5 2. c3 d6 3. d4 cxd4 4. cxd4 Nf6 5. Nc3 e6 6. Bg5 Be7 7. Nf3 a6 8. Rc1
b5 9. Bd3 Bb7 10. a3 Nbd7 11. O-O O-O 12. Qe2 Rc8 13. Rc2 d5 14. e5 Ne4 15. Bd2
Nxd2 16. Qxd2 Nb6 17. b4 Nc4 18. Bxc4 bxc4 19. Rb1 Bc6 20. a4 1/2-1/2

[Event "DVM U14w 2011"]
[Site "Arendsee (Altmark) GER"]
[Date "2011.12.30"]
[Round "7"]
[White "Zander, Carolin"]
[Black "Hinzke, Anna-Lena"]
[Result "0-1"]
[Termination "normal"]
[Board "2.3"]
[WhiteElo "909"]
[BlackElo "1376"]
[WhiteTeam "USC Magdeburg"]
[BlackTeam "SG Oesede-Georgsmarienhütte"]
[BlackFideId "12928704"]
[EventCountry "GER"]
[EventRounds "7"]
[EventType "team-swiss"]
[EventDate "2011.12.26"]

1. e4 e6 2. d4 d5 3. exd5 exd5 4. Nf3 Bd6 5. Nc3 c6 6. Be3 Nf6 7. Bd3 O-O 8.
O-O Bg4 9. Be2 Nbd7 10. Qd3 Qc7 11. Rfe1 Rfe8 12. Rad1 Rac8 13. Nb1 Bxf3 14.
Bxf3 Bxh2+ 15. Kf1 Bf4 16. g3 Bxe3 17. Rxe3 Rxe3 18. Qxe3 Re8 19. Qd3 Qb6 20.
Qb3 Qxb3 21. axb3 Ne4 22. Nd2 Ndf6 23. c4 Rc8 24. Ke2 Re8 25. b4 Nc3+ 26. Kd3
Nxd1 27. Bxd1 dxc4+ 28. Kxc4 Ne4 29. Nxe4 Rxe4 30. f3 Re1 31. Bc2 Kf8 32. Be4
Ke7 33. b5 Rc1+ 34. Kb4 Kd6 35. Bxh7 g6 36. Bg8 Ke7 37. Ka5 Kf8 38. Bxf7 Kxf7
39. b4 Ra1# 0-1

[Event "DVM U14w 2011"]
[Site "Arendsee (Altmark) GER"]
[Date "2011.12.30"]
[Round "7"]
[White "Wang, Yanru"]
[Black "Merker, Vivien"]
[Result "1-0"]
[Termination "normal"]
[Board "2.4"]
[WhiteElo "1246"]
[BlackElo "1089"]
[WhiteTeam "SG Oesede-Georgsmarienhütte"]
[BlackTeam "USC Magdeburg"]
[WhiteFideId "12929328"]
[BlackFideId "12927260"]
[EventCountry "GER"]
[EventRounds "7"]
[EventType "team-swiss"]
[EventDate "2011.12.26"]

1. f4 d5 2. b3 Nf6 3. Bb2 g6 4. Nf3 Bg7 5. e3 c5 6. Be2 O-O 7. O-O Nc6 8. h3 b6
9. d3 d4 10. e4 Bb7 11. a3 a6 12. Qe1 e6 13. Nbd2 Qc7 14. Qh4 Rad8 15. Rf2 a5
16. Raf1 Na7 17. Bc1 Qc6 18. Nc4 Qc7 19. Nh2 Nb5 20. f5 exf5 21. exf5 Qc6 22.
fxg6 fxg6 23. Bf3 Qc7 24. Bxb7 Qxb7 25. Bg5 Rd5 26. Bxf6 Bxf6 27. Rxf6 Rxf6 28.
Qxf6 Qg7 29. Qxb6 h5 30. Qxb5 Rg5 31. Qe8+ Kh7 32. Rf7 Qxf7 33. Qxf7+ Kh8 34.
Nf3 Rf5 35. Qxg6 Rxf3 36. gxf3 h4 37. Ne5 a4 38. Nf7# 1-0

[Event "DVM U14w 2011"]
[Site "Arendsee (Altmark) GER"]
[Date "2011.12.30"]
[Round "7"]
[White "Mehling, Katharina"]
[Black "Halas, Lena"]
[Result "1-0"]
[Termination "normal"]
[Board "3.1"]
[WhiteElo "1663"]
[BlackElo "1592"]
[WhiteTeam "SpVgg Stetten"]
[BlackTeam "USG Chemnitz"]
[WhiteFideId "12900362"]
[BlackFideId "12931799"]
[EventCountry "GER"]
[EventRounds "7"]
[EventType "team-swiss"]
[EventDate "2011.12.26"]

1. d4 d5 2. c4 e6 3. Nc3 f5 4. cxd5 exd5 5. e4 Bb4 6. e5 c6 7. Bd3 Be6 8. Nge2
Ne7 9. Nf4 Bf7 10. a3 Ba5 11. Qc2 Qc8 12. O-O h6 13. b4 Bb6 14. Nfe2 g5 15. f4
g4 16. Kh1 Be6 17. Bb2 Nd7 18. Rfc1 Kf7 19. Qd2 Qf8 20. Qe1 Ng6 21. Qg3 h5 22.
Qe1 h4 23. Nd1 Qh6 24. Qd2 Rac8 25. Ne3 Nxf4 26. Bxf5 Bxf5 27. Nxf5 1-0

[Event "DVM U14w 2011"]
[Site "Arendsee (Altmark) GER"]
[Date "2011.12.30"]
[Round "7"]
[White "Oltmanns, Bianca"]
[Black "Bosse, Lea"]
[Result "0-1"]
[Termination "normal"]
[Board "3.2"]
[WhiteElo "1672"]
[BlackElo "1631"]
[WhiteTeam "USG Chemnitz"]
[BlackTeam "SpVgg Stetten"]
[WhiteFideId "24698008"]
[BlackFideId "12900419"]
[EventCountry "GER"]
[EventRounds "7"]
[EventType "team-swiss"]
[EventDate "2011.12.26"]

1. e4 e6 2. d4 d5 3. Nc3 Bb4 4. e5 c5 5. Be3 Ne7 6. f4 Nf5 7. Bf2 cxd4 8. Bxd4
Nc6 9. Nf3 Nfxd4 10. Nxd4 Qb6 11. Bb5 Bd7 12. Bxc6 Bxc6 13. O-O Bc5 14. Nce2
Bb5 15. c3 Bxe2 16. Qxe2 Bxd4+ 17. cxd4 Qxd4+ 18. Kh1 O-O 19. Rac1 Rac8 20. Rc2
Rc5 21. g3 Rfc8 22. Rfc1 Rxc2 23. Rxc2 Rxc2 24. Qxc2 Qe4+ 25. Qxe4 dxe4 26. g4
f5 27. gxf5 exf5 28. h4 Kf7 29. Kg2 h6 30. Kf2 Ke6 31. h5 Kf7 32. Ke3 g6 33.
hxg6+ Kxg6 34. Kf2 h5 35. Kg3 Kf7 36. b3 b6 37. a3 a6 38. b4 b5 39. Kg2 h4 40.
Kh3 e3 41. Kg2 h3+ 42. Kxh3 e2 43. Kg2 e1=Q 44. Kf3 Qc3+ 45. Kg2 a5 46. bxa5
Qxa5 47. a4 bxa4 48. Kf3 Qc3+ 49. Ke2 a3 50. Kd1 a2 51. Ke2 a1=R 52. Kf2 Ra2+
53. Kf1 Qc1# 0-1

[Event "DVM U14w 2011"]
[Site "Arendsee (Altmark) GER"]
[Date "2011.12.30"]
[Round "7"]
[White "Schneider, Jana"]
[Black "Kluge, Leyla"]
[Result "1-0"]
[Termination "normal"]
[Board "3.3"]
[WhiteElo "1423"]
[BlackElo "1565"]
[WhiteTeam "SpVgg Stetten"]
[BlackTeam "USG Chemnitz"]
[WhiteFideId "12924997"]
[BlackFideId "12918172"]
[EventCountry "GER"]
[EventRounds "7"]
[EventType "team-swiss"]
[EventDate "2011.12.26"]

1. e4 c5 2. Nc3 d6 3. g3 Nc6 4. Bg2 g6 5. Nge2 Bg7 6. d3 Rb8 7. Be3 b5 8. Qd2
e6 9. O-O b4 10. Nd1 Qc7 11. d4 cxd4 12. Nxd4 Nxd4 13. Bxd4 Nf6 14. Re1 e5 15.
Be3 O-O 16. h3 a5 17. Rc1 Bb7 18. Qd3 Nd7 19. c4 Qc6 20. Qd5 Qa6 21. Qd2 Nf6
22. f3 Rfc8 23. Qe2 Rc7 24. c5 Rbc8 25. Nf2 dxc5 26. Nd3 Nd7 27. f4 c4 28. Nf2
c3 29. bxc3 Rxc3 30. Rxc3 Rxc3 31. Bf1 Qxe2 32. Rxe2 exf4 33. Bxf4 Be5 34. Bh6
Rxg3+ 35. Kh1 Bg7 36. Bf4 Bxe4+ 37. Rxe4 Rf3 38. Kg2 Ra3 39. Re7 Nf6 40. Bc4
Kf8 41. Rxf7+ Ke8 42. Rxg7 Nh5 43. Rf7 Rc3 44. Ne4 Nxf4+ 45. Rxf4 Kd7 46. Nxc3
bxc3 47. Rf2 Kd6 48. Rc2 Kc5 49. Rxc3 Kb4 50. Re3 Kxc4 51. Re7 Kb4 52. Rxh7 a4
53. Kf3 g5 54. Ke4 Kc3 55. Ra7 g4 56. hxg4 a3 57. Rxa3+ Kb2 58. Rb3+ Kxa2 59.
Rb5 Ka3 60. Kd4 Ka4 61. Kc4 Ka3 62. Rb4 Ka2 63. Rb3 Ka1 64. Kc3 1-0

[Event "DVM U14w 2011"]
[Site "Arendsee (Altmark) GER"]
[Date "2011.12.30"]
[Round "7"]
[White "Jentzsch, Juliane"]
[Black "Binner, Jule"]
[Result "1-0"]
[Termination "normal"]
[Board "3.4"]
[WhiteElo "1227"]
[BlackElo "894"]
[WhiteTeam "USG Chemnitz"]
[BlackTeam "SpVgg Stetten"]
[BlackFideId "16205332"]
[EventCountry "GER"]
[EventRounds "7"]
[EventType "team-swiss"]
[EventDate "2011.12.26"]

1. c4 e5 2. Nc3 Nc6 3. g3 f5 4. d3 Nf6 5. Bg2 g6 6. e3 d6 7. f4 Bg7 8. a3 O-O
9. Nf3 Re8 10. O-O h6 11. Qc2 Nd7 12. Rb1 Nb6 13. b4 Be6 14. Bb2 a6 15. Rfe1 g5
16. Nd2 g4 17. e4 Nd4 18. Qd1 Qf6 19. Ne2 Rad8 20. Nxd4 exd4 21. Nb3 Qf7 22.
Nxd4 Re7 23. exf5 Bd7 24. Qxg4 Rxe1+ 25. Rxe1 Kh7 26. Re2 Rg8 27. Qf3 Bxd4+ 28.
Bxd4 Bc6 29. Qf2 Bxg2 30. Qxg2 c6 31. Bxb6 Qxf5 32. Qe4 Qxe4 33. Rxe4 d5 34.
Re7+ Kg6 35. cxd5 cxd5 36. Rxb7 Re8 37. Kf2 Re6 38. Bc5 Rc6 39. Rb6 Rxb6 40.
Bxb6 Kf5 41. Ke3 Kg4 42. Kd4 Kh3 43. f5 Kxh2 44. f6 Kxg3 45. f7 h5 46. Bd8 h4
47. Bxh4+ Kxh4 48. f8=Q Kg4 49. Kxd5 Kg5 50. Ke4 Kg6 51. Ke5 Kg5 52. Qg8+ Kh5
53. Kf4 Kh6 54. Kf5 Kh5 55. Qg5# 1-0

[Event "DVM U14w 2011"]
[Site "Arendsee (Altmark) GER"]
[Date "2011.12.30"]
[Round "7"]
[White "Braun, Kristin"]
[Black "Diederichs, Luise"]
[Result "0-1"]
[Termination "normal"]
[Board "4.1"]
[WhiteElo "1825"]
[BlackElo "1753"]
[WhiteTeam "SC Uttenreuth"]
[BlackTeam "Tura Harksheide"]
[WhiteFideId "24656534"]
[BlackFideId "24661597"]
[EventCountry "GER"]
[EventRounds "7"]
[EventType "team-swiss"]
[EventDate "2011.12.26"]

1. e4 g6 2. d4 d6 3. c4 Bg7 4. Nc3 Nd7 5. Nf3 b6 6. Bd3 Bb7 7. O-O c5 8. d5
Ngf6 9. Be3 O-O 10. Qd2 Ng4 11. h3 Nxe3 12. Qxe3 Ne5 13. Be2 Bc8 14. Nxe5 Bxe5
15. Rac1 e6 16. b3 a6 17. Kh1 Bd4 18. Qg3 e5 19. Bg4 f5 20. exf5 Bxf5 21. Bxf5
Rxf5 22. Ne2 Qf8 23. Nxd4 cxd4 24. Rcd1 Qf6 25. Kg1 Rf8 26. Rd2 Kg7 27. a4 Qf7
28. b4 Rc8 29. Rc2 Qb7 30. Rfc1 Rf7 31. b5 axb5 32. axb5 Ra8 33. Rf1 Qc7 34. f4
Raf8 35. Qd3 Rxf4 36. Rxf4 Rxf4 37. Ra2 Rf7 38. Ra6 Qc5 39. Qa3 Qxa3 40. Rxa3
e4 41. Ra1 e3 42. Rf1 e2 43. Rxf7+ Kxf7 44. Kf2 d3 45. g4 Kf6 46. h4 Ke5 47.
Ke1 Kd4 0-1

[Event "DVM U14w 2011"]
[Site "Arendsee (Altmark) GER"]
[Date "2011.12.30"]
[Round "7"]
[White "Schramm, Anna-Lena"]
[Black "Michalowski, Melina"]
[Result "0-1"]
[Termination "normal"]
[Board "4.2"]
[WhiteElo "1322"]
[BlackElo "1163"]
[WhiteTeam "Tura Harksheide"]
[BlackTeam "SC Uttenreuth"]
[WhiteFideId "12918237"]
[BlackFideId "12902462"]
[EventCountry "GER"]
[EventRounds "7"]
[EventType "team-swiss"]
[EventDate "2011.12.26"]

1. e4 c6 2. d4 d5 3. exd5 cxd5 4. Bd3 Nc6 5. c3 Nf6 6. Bf4 g6 7. h3 Bg7 8. Nf3
O-O 9. O-O Re8 10. Re1 Nd7 11. Nbd2 e5 12. dxe5 Ndxe5 13. Bb5 Bd7 14. Qb3 a6
15. Bxc6 Nxf3+ 16. Nxf3 Bxc6 17. Rad1 Qd7 18. Qc2 b5 19. Nd4 Bb7 20. Qc1 Rac8
21. a3 Rxe1+ 22. Rxe1 Bxd4 23. Qd2 Bg7 24. Qe3 d4 25. Qd3 Qd5 26. f3 dxc3 27.
Qxd5 Bxd5 28. bxc3 Be6 29. Re4 Rc4 30. Rxc4 bxc4 31. Bd2 Kf8 32. Kf1 Ke7 33.
Ke2 f5 34. Kf2 Kf6 35. h4 h6 36. f4 Bf8 37. Bc1 Bc5+ 38. Kf3 Bd5+ 39. Kg3 Ke6
0-1

[Event "DVM U14w 2011"]
[Site "Arendsee (Altmark) GER"]
[Date "2011.12.30"]
[Round "7"]
[White "Michalowski, Sophia"]
[Black "Köhler, Inken"]
[Result "0-1"]
[Termination "normal"]
[Board "4.3"]
[WhiteElo "1165"]
[BlackElo "1261"]
[WhiteTeam "SC Uttenreuth"]
[BlackTeam "Tura Harksheide"]
[WhiteFideId "12902454"]
[BlackFideId "12929301"]
[EventCountry "GER"]
[EventRounds "7"]
[EventType "team-swiss"]
[EventDate "2011.12.26"]

1. d4 d5 2. e3 Nf6 3. Bd3 c5 4. c3 Nc6 5. f4 Bg4 6. Nf3 c4 7. Bc2 e6 8. O-O Be7
9. Qe1 Ne4 10. Ne5 Nxe5 11. fxe5 O-O 12. Nd2 Nxd2 13. Bxd2 Bh4 14. g3 Bg5 15.
e4 Bh3 16. Rf2 dxe4 17. Bxe4 Rb8 18. Qc1 h6 19. Qd1 Bxd2 20. Qxd2 Bg4 21. Qf4
Bh5 22. Raf1 f5 23. exf6 Rxf6 24. Qh4 Rxf2 25. Qxd8+ Rxd8 26. Rxf2 b6 27. b3
Rc8 28. b4 Rf8 29. d5 exd5 30. Bxd5+ Bf7 31. Bxf7+ Rxf7 32. h4 Kf8 33. Kf1
Rxf2+ 34. Kxf2 Ke7 35. Ke3 b5 36. g4 Kd7 37. Ke4 Ke6 38. a3 g6 39. g5 h5 40.
Kf4 Kd5 41. Kf3 Ke5 42. Ke3 a6 43. Kf3 Kf5 44. Ke3 Kg4 45. Ke4 Kxh4 46. Kf4 Kh3
47. Kf3 h4 48. Kf2 Kh2 49. Kf3 Kh3 50. Kf2 Kg4 51. Kg2 Kxg5 52. Kf3 Kf5 53. Kg2
Kg4 54. Kh2 Kf3 55. Kh3 g5 56. Kh2 Ke3 0-1

[Event "DVM U14w 2011"]
[Site "Arendsee (Altmark) GER"]
[Date "2011.12.30"]
[Round "7"]
[White "Fröhlich, Jonna"]
[Black "Meyer, Franziska"]
[Result "0-1"]
[Termination "normal"]
[Board "4.4"]
[WhiteElo "789"]
[BlackElo "904"]
[WhiteTeam "Tura Harksheide"]
[BlackTeam "SC Uttenreuth"]
[BlackFideId "12929530"]
[EventCountry "GER"]
[EventRounds "7"]
[EventType "team-swiss"]
[EventDate "2011.12.26"]

1. e4 c5 2. Nf3 Nc6 3. Bc4 g6 4. O-O Bg7 5. Ng5 e6 6. d3 d6 7. Nc3 Nf6 8. Re1
O-O 9. b3 a6 10. Qf3 Bd7 11. Qh3 h5 12. g4 e5 13. Qh4 Bh6 14. Nf3 Kg7 15. g5
Bxg5 16. Bxg5 Bg4 17. Bxf6+ Qxf6 18. Ng5 Nd4 19. Rec1 Kh6 20. Qg3 Qxg5 21. Na4
Ne2+ 22. Kf1 Nxg3+ 23. hxg3 b5 24. Nb6 Rab8 25. Nd5 bxc4 26. dxc4 f5 27. f3
fxe4 28. Rcb1 Rxf3+ 29. Kg2 Qd2+ 30. Kh1 Rbf8 31. Kg1 Qf2+ 32. Kh1 Bh3 33. Rg1
Rxg3 34. Ne3 Qxe3 35. Rxg3 Qxg3 36. Rg1 Qf2 37. b4 e3 38. bxc5 dxc5 39. c3 e2
40. a4 e1=R 41. a5 Qxg1# 0-1

[Event "DVM U14w 2011"]
[Site "Arendsee (Altmark) GER"]
[Date "2011.12.30"]
[Round "7"]
[White "Siegl, Melina"]
[Black "Wiesner, Paula"]
[Result "0-1"]
[Termination "normal"]
[Board "5.1"]
[WhiteElo "1771"]
[BlackElo "1780"]
[WhiteTeam "SC 1923 Bechhofen"]
[BlackTeam "Karlsruher SF"]
[WhiteFideId "1272126"]
[BlackFideId "24654019"]
[EventCountry "GER"]
[EventRounds "7"]
[EventType "team-swiss"]
[EventDate "2011.12.26"]

1. e4 e6 2. d3 d5 3. Nd2 Nf6 4. g3 Be7 5. Bg2 O-O 6. Ngf3 c5 7. O-O Nc6 8. e5
Nd7 9. Re1 Qc7 10. Qe2 b6 11. h4 Bb7 12. Nf1 d4 13. Bf4 Nb4 14. N1h2 Nd5 15.
Bd2 b5 16. Ng5 N7b6 17. Qh5 Bxg5 18. Bxg5 Ne7 19. Ng4 Bxg2 20. Kxg2 Nbd5 21.
Re4 Kh8 22. Nh2 Ng8 23. Nf3 f5 24. Ree1 g6 25. Bf6+ Ngxf6 26. Qg5 Nd7 27. h5
Rg8 28. Rh1 gxh5 29. Qxh5 Nf4+ 30. Kf1 Nxh5 0-1

[Event "DVM U14w 2011"]
[Site "Arendsee (Altmark) GER"]
[Date "2011.12.30"]
[Round "7"]
[White "Böse, Christina"]
[Black "Bykov, Ilona"]
[Result "1-0"]
[Termination "normal"]
[Board "5.3"]
[WhiteElo "1112"]
[BlackElo "800"]
[WhiteTeam "SC 1923 Bechhofen"]
[BlackTeam "Karlsruher SF"]
[WhiteFideId "12929654"]
[BlackFideId "12964433"]
[EventCountry "GER"]
[EventRounds "7"]
[EventType "team-swiss"]
[EventDate "2011.12.26"]

1. e4 e5 2. Nf3 Nc6 3. d4 exd4 4. Nxd4 Bc5 5. Be3 Qf6 6. c3 Nge7 7. Bb5 a6 8.
Bxc6 Nxc6 9. O-O O-O 10. Nxc6 Qxc6 11. Bxc5 Qxc5 12. Re1 d6 13. Qd4 Qg5 14. Re3
Re8 15. Nd2 b6 16. Rg3 Qh6 17. Qd5 Bb7 18. Qd3 Rad8 19. Re1 d5 20. e5 Bc6 21.
Ree3 a5 22. Rh3 Qg5 23. Qxh7+ Kf8 24. Rhg3 Qh6 25. Qxh6 gxh6 26. Rh3 Kg7 27. g4
d4 28. cxd4 Rxd4 29. Nf1 Rxg4+ 30. Rhg3 h5 31. Rxg4+ hxg4 32. Rc3 Re6 33. Ng3
f6 34. Nf5+ Kf7 35. Nd4 Rxe5 36. Rxc6 Re1+ 37. Kg2 Rd1 38. Rxc7+ Kg6 39. Rd7
Rd2 40. Kg3 Rxb2 41. Rb7 Kg5 42. Nc6 Rxa2 43. Rxb6 a4 44. Rb5+ f5 45. Ra5 a3
46. Nb4 Ra1 47. h4+ Kf6 48. Kf4 Rb1 49. Na2 Rb2 50. Rxa3 Rb5 51. Ra6+ Ke7 52.
h5 Kf7 53. h6 Rb8 54. Kxf5 Kg8 55. Kg6 Kh8 56. Nc3 Rg8+ 57. Kf7 Kh7 58. Ne4 Kh8
59. Rg6 g3 60. Rxg8+ Kh7 61. Rxg3 Kh8 62. Rg8+ Kh7 63. f4 Kxh6 64. Nc3 Kh7 65.
Rg1 Kh6 66. f5 Kh5 67. Ke6 Kh4 68. f6 Kh5 69. f7 Kh6 70. f8=Q+ Kh7 71. Qf2 Kh6
72. Qh2# 1-0

[Event "DVM U14w 2011"]
[Site "Arendsee (Altmark) GER"]
[Date "2011.12.30"]
[Round "7"]
[White "Henke, Hanna"]
[Black "Dobler, Leonie"]
[Result "1-0"]
[Termination "normal"]
[Board "5.4"]
[WhiteElo "775"]
[BlackElo "796"]
[WhiteTeam "Karlsruher SF"]
[BlackTeam "SC 1923 Bechhofen"]
[WhiteFideId "12964441"]
[BlackFideId "12929662"]
[EventCountry "GER"]
[EventRounds "7"]
[EventType "team-swiss"]
[EventDate "2011.12.26"]

1. e4 e5 2. Nf3 Nc6 3. Bc4 Nf6 4. Ng5 d5 5. exd5 Nxd5 6. Qf3 Nce7 7. Nc3 c6 8.
Nxf7 Qd7 9. Nxh8 Qf5 10. Qxf5 Bxf5 11. d3 g6 12. O-O Bg7 13. Re1 Nb4 14. Bb3
Bxh8 15. Be3 b6 16. Bd2 c5 17. Ne4 O-O-O 18. a3 Nbc6 19. Bg5 Rd7 20. Ba4 Kc7
21. Nf6 Bxf6 22. Bxf6 Kb7 23. Bxe5 Rd5 24. Bf6 Ng8 25. Bg7 Nge7 26. Bf8 Nc8 27.
Re8 Bd7 28. Ree1 h5 29. Re4 Bf5 30. Re8 Bd7 31. Re4 Bf5 32. Rh4 Bg4 33. f3 g5
34. Bb3 c4 35. dxc4 Rd2 36. fxg4 gxh4 37. gxh5 Rd8 38. Bg7 N6e7 39. Rf1 Nd6 40.
Bf6 Re8 41. Re1 Ndf5 42. Kf2 Kc7 43. Kf3 Kd7 44. Kf4 Kd6 45. Kg4 Kd7 46. Ba4+
Kd8 47. Bxe8 Kxe8 48. g3 Nh6+ 49. Kf4 Kf7 50. Kg5 Neg8 51. Rf1 1-0

[Event "DVM U14w 2011"]
[Site "Arendsee (Altmark) GER"]
[Date "2011.12.30"]
[Round "7"]
[White "Bork, Sophie"]
[Black "Schneider, Sabrina"]
[Result "1-0"]
[Termination "normal"]
[Board "6.1"]
[WhiteElo "1548"]
[BlackElo "1128"]
[WhiteTeam "SV Welper"]
[BlackTeam "SK Turm Bad Hersfeld"]
[WhiteFideId "12905429"]
[BlackFideId "12951986"]
[EventCountry "GER"]
[EventRounds "7"]
[EventType "team-swiss"]
[EventDate "2011.12.26"]

1. e4 e5 2. Nf3 Nc6 3. Bc4 Nf6 4. d3 d6 5. c3 Be6 6. Bxe6 fxe6 7. Qb3 Qc8 8.
Bg5 Be7 9. Bxf6 Bxf6 10. Nbd2 Rb8 11. O-O Qd7 12. Rad1 b5 13. a3 a5 14. Qc2 O-O
15. b4 Be7 16. Rfe1 axb4 17. axb4 Bf6 18. Nb3 Rfc8 19. Ra1 Ra8 20. Ra2 Ra7 21.
Rxa7 Nxa7 22. Ra1 Ra8 23. Ra3 c6 24. Qa2 Bd8 25. h3 Bb6 26. Ra6 Qb7 27. Nbd2
Re8 28. Ng5 Qe7 29. Nxe6 Qxe6 30. Qxe6+ Rxe6 31. Rxb6 Re7 32. Nb3 Kf7 33. Ra6
Rc7 34. Na5 Ke6 35. Nb3 h6 36. f3 Nc8 37. Kf2 Ne7 38. Ke3 Ng6 39. g3 Ne7 40.
Ra8 Rc8 41. Rxc8 Nxc8 42. d4 Nb6 43. dxe5 Kxe5 44. f4+ Kf6 45. Nd4 Na4 46. Kd2
d5 47. exd5 cxd5 48. Nxb5 Nb6 49. Kd3 g5 50. fxg5+ hxg5 51. Kd4 Ke6 52. Nc7+
Kd6 53. Ne8+ Ke7 54. Ng7 Kf6 55. Nh5+ Kg6 56. g4 Kf7 57. Ng3 Ke6 58. Nf5 Kd7
59. Ne3 1-0